000 00730nam a2200253Ia 4500
003 OSt
005 20220918215737.0
006 a|||||r|||| 00| 0
007 ta
008 220917b |||||||| |||| 00| 0 eng d
024 _a142,421
037 _cTextual
040 _aARTS
_cARTS
_beng
041 _2eng
_aeng
082 _aY12-73(Q7).25292, M0
100 _aSrinivasan Nirmala
_9135034
245 0 _aIdentity crisis of muslims
_b Profiles of Luchnow Youth
260 _aNew Delhi
_bConcept Publishing
_c1980
300 _a140p. illus.
_ccm.
500 _aAppendices p.118-129
650 _aSOCIOLOGY
942 _hY12-73(Q7).25292, M0
_cTEXL
_2CC
999 _c265379
_d265379